书目信息 |
| 题名: |
富兰克林自传
|
|
| 作者: | 富兰克林 著 | |
| 分册: | ||
| 出版信息: | 北京 国家行政学院出版社 1998.10 |
|
| 页数: | 226页 | |
| 开本: | 32开 | |
| 丛书名: | ||
| 单 册: | ||
| 中图分类: | K837.125 | |
| 科图分类: | ||
| 主题词: | 历史 , 地理 | |
| 电子资源: | ||
| ISBN: | 7-80140-037-2 | |
| 000 | 00551nam0 2200193 45 | |
| 001 | 0005091728 | |
| 005 | 20041207151553.33 | |
| 010 | @a7-80140-037-2@dCNY 16.00 | |
| 100 | @a20000509d1998 km y0chiy0120 ea | |
| 101 | @achi | |
| 200 | 1 | @a富兰克林自传@AFu Lan Ke Lin Zi Zhuan@f(美)富兰克林著@F(Mei)Fu Lan Ke Lin Zhu |
| 210 | @a 北京@c国家行政学院出版社@d1998.10 | |
| 215 | @a226页@d32开 | |
| 606 | 0 | @a历史 |
| 606 | 0 | @a地理 |
| 690 | @aK837.125@v3 | |
| 701 | @a富兰克林@4著 | |
| 801 | @aCN@bPftUser@c20041207 | |
| 905 | @f2@b54046-047@dK837.125@eF375 | |
| 富兰克林自传/(美)富兰克林著.- 北京:国家行政学院出版社,1998.10 |
| 226页;32开 |
| ISBN 7-80140-037-2:CNY 16.00 |
| ● |
| 相关链接 |
|
|
|
正题名:富兰克林自传
索取号:K837.125/F375
 
预约/预借
| 序号 | 登录号 | 条形码 | 馆藏地/架位号 | 状态 | 备注 |
| 1 | 431276 | 204312760 | 自科二线404/309社科库 6排4列4层/ [索取号:K837.125/F375] | 在馆 | |
| 2 | 431277 | 204312779 | 自科二线404/400A自科库 5排2列1层/ [索取号:K837.125/F375] | 在馆 | |
| 3 | 431278 | 204312788 | 自科二线404/309社科库 6排4列4层/ [索取号:K837.125/F375] | 在馆 | |
| 4 | 54046 | 200540469 | 社科库309/309社科库 3排2列4层/ [索取号:K837.125/F375] | 在馆 | |
| 5 | 54047 | 200540478 | 社科库309/309社科库 3排2列4层/ [索取号:K837.125/F375] | 在馆 |